000 00947nam a2200229Ia 4500
999 _c52901
_d52901
001 19931
003 GE_BSU
005 20200513225645.0
008 181216s1956||||ge |||||||||||||| ||geo||
040 _cGE_BSU
041 _ageo
080 _a811.353.1 ჭ-83
100 _aჭუმბურიძე, ზურაბ.
_98055
245 _aქართული სალიტერატურო ენისა და სტილის საკითხები /
_cზურაბ ჭუმბურიძე ; რედ. კ. ქილარჯიანი
264 _aთბილისი :
_bსახელგამი,
_c1956.
300 _a182 გვ. ;
_c20 სმ.
541 _h3ლ.
653 _aქართული ენა
653 _aქართული სალიტერატურო ენა
700 _aქილარჯიანი, კ.
_eრედაქტორი
_98056
942 _cBK
_2udc